000 00978nam a22002897a 4500
003 CHAP
005 20220329135133.0
008 971013s1962 r 00010 d
010 _a31504
011 _a32476
035 _a36591
040 _cCHAP
082 _a636.085
_bC73Y
100 0 0 _aCrampton, E. W.
_928826
245 _aNutrición animal aplicada
_b: el uso de los alimentos en la formulación de raciones para el ganado
260 _aZaragoza :
_bAcribia,
_c1962
300 _a415 p.
590 _aBATCH-UPD
_b10
_c20130110
_lUCH01
_h0333
590 _aBATCH-UPD
_b10
_c20130110
_lUCH01
_h2019
590 _aBATCH-UPD
_b10
_c20130410
_lUCH01
_h0006
590 _aCONVERSION
_b10
_c20130109
_lUCH01
_h1318
650 1 4 _aAlimentos y alimentacion del ganado.
_94326
901 _aBK
942 _cLIBRO
949 _a636.085 C73Y
_bBC
_cLIBRO
_d33724000266490
_eLIBRO
_h27914
_i36591
_si
949 _a636.085 C73y
_bBC
_cLIBRO
_d33724002123941
_eLIBRO
_fc.2
_gI.c/e
_h111025
_i36591
_sb
999 _c31504
_d31504